000
00229nam a2200085Ia 4500
245
0
_a
Lathework : a complete course
100
_a
Hall, Harold Poole, 2003
_9
86391
942
_c
BK
008
210817s9999 xx 000 0 und d
999
_c
330038
_d
330037